000 00925nam a2200313Ia 4500
999 _c54420
_d54420
001 21476
003 GE_BSU
005 20211119155749.0
008 181216s ||||enk|||||||||||||| ||eng||
020 _a9781292157597
040 _cGE_BSU
041 _ageo
080 _a005.93+640.41+338.488 W-20
100 _aWalker, John R.
_912981
245 _aIntroduction to Hospitality /
_cJohn R. Walker.
250 _aSeventh Edition
264 _aHarlow :
_bPearson,
_c2017.
300 _a653 p. :
_b ill. ;
_c25 cm.
500 _aIndex p. : 631-653
541 _h375 Gel.
653 _aIntroduction to Hospitality
653 _aМенеджмент
653 _aДомоводство
653 _aЭкономика
653 _aმენეჯმენტი
653 _aეკონომიკა
653 _aსაყოფაცხოვრებო მეურნეობა
942 _cBK
_2udc